Top 50 Baby Girl Names Beginning with B - Statistics

General Stats
  • This quiz has been taken 335 times
  • The average score is 22 of 50
Answer Stats
Hint Answer % Correct
38 Belle
86%
2 Bella
82%
28 Bria
74%
45 Breanna
72%
22 Briana
72%
4 Brianna
72%
44 Betty
70%
36 Barbara
68%
20 Bethany
68%
21 Bonnie
66%
47 Brenda
63%
32 Bailee
62%
6 Bailey
62%
26 Baylee
62%
49 Bayleigh
62%
40 Billie
61%
18 Beatrice
57%
37 Brittany
56%
9 Brooke
55%
12 Brynn
53%
33 Belen
52%
1 Brooklyn
50%
10 Brooklynn
50%
48 Beverly
48%
15 Bianca
48%
25 Bridget
47%
13 Blair
43%
23 Blaire
43%
8 Blake
43%
3 Brielle
40%
14 Brinley
39%
7 Brynlee
39%
34 Brynleigh
39%
50 Brynley
39%
11 Briella
30%
43 Beatrix
25%
5 Blakely
25%
24 Braelyn
20%
16 Braelynn
20%
35 Braylee
20%
27 Brylee
20%
46 Bryleigh
20%
29 Bellamy
18%
17 Bristol
18%
39 Birdie
17%
19 Briar
16%
31 Bexley
9%
41 Baylor
8%
30 Berkley
6%
42 Blessing
6%
No matching quizzes found
Score Distribution
Percent of People with Each Score
Percentile by Number Answered
Your Score History
You have not taken this quiz